[Event "World Senior Team ch."]
[Site "Struga, Macedonia"]
[Date "2023.09.27"]
[Round "8"]
[White "Stebbings, A."]
[Black "Kantorik, M."]
[Result "1/2-1/2"]
[WhiteElo "2257"]
[BlackElo "2195"]
[PlyCount "112"]
[EventDate "2023.09.19"]

1. d4 b6 2. e4 Bb7 3. Bd3 e6 4. Nf3 d5 5. e5 c5 6. c3 Ne7 7. O-O Nec6 8. Be3
Be7 9. Ne1 Ba6 10. Qg4 g6 11. Bxa6 Nxa6 12. Bh6 Bf8 13. Bxf8 Rxf8 14. Nf3 Nc7
15. Nbd2 Qe7 16. dxc5 bxc5 17. Qa4 Qd7 18. Qa3 Qe7 19. Qa4 Qd7 20. Qa3 Qe7 21.
Nb3 c4 22. Qxe7+ Kxe7 23. Nbd4 Nxd4 24. Nxd4 Rfc8 25. b4 Kd7 26. a4 Rab8 27. f4
h5 28. g3 a6 29. Kg2 Ne8 30. h3 Ng7 31. g4 hxg4 32. hxg4 Rh8 33. Rh1 Ra8 34.
Rxh8 Rxh8 35. Rh1 Rxh1 36. Kxh1 Ne8 37. Kg2 Nc7 38. Kf2 Na8 39. a5 Nc7 40. Ke3
Nb5 41. Nxb5 axb5 42. Kd4 Kc6 43. Ke3 Kb7 44. Ke2 Kc7 45. Kd2 Kb7 46. Ke3 Kc7
47. Kf3 Kb7 48. Ke2 Kc7 49. Kd2 Kb7 50. Ke3 Kc7 51. Kd4 Kc6 52. g5 Kb7 53. Kc5
Ka6 54. Kd4 Kb7 55. Kc5 Ka6 56. Kd4 Kb7 1/2-1/2

[Event "World Senior Team ch."]
[Site "Struga, Macedonia"]
[Date "2023.09.28"]
[Round "9"]
[White "Thorhallsson, T."]
[Black "Stebbings, A."]
[Result "1-0"]
[WhiteElo "2382"]
[BlackElo "2257"]
[PlyCount "57"]
[EventDate "2023.09.19"]

1. e4 c5 2. Nf3 e6 3. c3 Nf6 4. e5 Nd5 5. d4 cxd4 6. cxd4 d6 7. Bc4 Be7 8. O-O
O-O 9. Qe2 b6 10. Qe4 Ba6 11. b3 Qc8 12. Bg5 Nd7 13. Nbd2 dxe5 14. dxe5 Nc5 15.
Qh4 Bxg5 16. Nxg5 h6 17. Nge4 Nxe4 18. Nxe4 Bxc4 19. bxc4 Nb4 20. Rae1 Nd3 21.
Nf6+ Kh8 22. Re3 Rd8 23. Qe4 gxf6 24. Qh4 Nxe5 25. Qxf6+ Kg8 26. Rxe5 Qxc4 27.
Qxh6 Rd5 28. Re3 Rd4 29. Rh3 1-0

[Event "County match"]
[Site "?"]
[Date "2023.10.21"]
[Round "?"]
[White "Gallana, M."]
[Black "Stebbings, A."]
[Result "1/2-1/2"]
[WhiteElo "2340"]
[BlackElo "2239"]
[PlyCount "97"]
[EventDate "2023.10.21"]

1. c4 c5 2. Nf3 Nf6 3. Nc3 d5 4. cxd5 Nxd5 5. e3 Nxc3 6. bxc3 g6 7. Bb5+ Bd7 8.
Bc4 Qc7 9. Ng5 e6 10. Qf3 Bc6 11. Qf6 Rg8 12. Ba3 Na6 13. f3 h6 14. Ne4 Be7 15.
Qf4 Qxf4 16. exf4 b5 17. Be2 f5 18. Nf2 c4 19. Bxe7 Kxe7 20. d3 Bd5 21. a4 bxa4
22. dxc4 Bc6 23. Nd3 Rgc8 24. Kd2 Be8 25. Rhb1 Rc7 26. h4 Rac8 27. Ra2 Nc5 28.
Nxc5 Rxc5 29. Ke3 R5c7 30. Rab2 Rd8 31. Rb7 Rdd7 32. R7b5 Rd6 33. Ra5 Rd8 34.
Rb4 Kf6 35. g4 h5 36. g5+ Ke7 37. Bd3 Rdc8 38. c5 Rxc5 39. Rxa7+ R5c7 40. Rbb7
Rxb7 41. Rxb7+ Kd6 42. Kd4 Bc6 43. Ra7 Ra8 44. Rxa8 Bxa8 45. Bc2 a3 46. Bb3
Bxf3 47. c4 Ke7 48. Kc5 Be4 49. Ba2 {etc} 1/2-1/2

[Event "Tournament: World Senior ch."]
[Site "Terrasini, Italy"]
[Date "2023.10.25"]
[Round "1"]
[White "Stebbings, A."]
[Black "Gambale, E."]
[Result "1-0"]
[WhiteElo "2263"]
[BlackElo "1957"]
[PlyCount "93"]
[EventDate "2023.10.25"]

1. d4 d5 2. c4 c6 3. Nc3 Nf6 4. e3 e6 5. Nf3 Nbd7 6. Qc2 Be7 7. Bd3 dxc4 8.
Bxc4 b5 9. Bd3 Bb7 10. e4 b4 11. Na4 c5 12. Nxc5 Nxc5 13. dxc5 Rc8 14. O-O Bxc5
15. Qe2 h6 16. b3 O-O 17. Bb2 Qe7 18. Rad1 Rfd8 19. Bb1 Bb6 20. Ne5 Rxd1 21.
Rxd1 Rd8 22. Nc4 Rxd1+ 23. Qxd1 Bc5 24. Qe2 Qd8 25. Kf1 Nh7 26. g3 Nf8 27. h4
f6 28. f4 f5 29. Ke1 fxe4 30. Bxe4 Bxe4 31. Qxe4 Qd5 32. Qe5 Qh1+ 33. Kd2 Qd5+
34. Qxd5 exd5 35. Ne3 Kf7 36. Nxd5 Bf2 37. g4 Bxh4 38. Nxb4 Ne6 39. f5 Nd8 40.
Ke3 g6 41. Ke4 gxf5+ 42. gxf5 h5 43. Bd4 a5 44. Nd3 Nc6 45. Bc3 Bf6 46. Be1 Ke7
47. Nf4 1-0

[Event "Tournament: World Senior ch."]
[Site "Terrasini, Italy"]
[Date "2023.10.26"]
[Round "2"]
[White "Vinke, D."]
[Black "Stebbings, A."]
[Result "0-1"]
[WhiteElo "2077"]
[BlackElo "2263"]
[PlyCount "108"]
[EventDate "2023.10.25"]

1. d4 Nf6 2. c4 e6 3. Nf3 b6 4. g3 Ba6 5. Qc2 Bb7 6. Bg2 c5 7. e3 cxd4 8. exd4
d5 9. Ne5 Be7 10. O-O O-O 11. Nc3 Qc8 12. b3 dxc4 13. Bxb7 Qxb7 14. bxc4 Nc6
15. Ne2 Rfd8 16. Nxc6 Qxc6 17. Bg5 Rac8 18. c5 bxc5 19. dxc5 Qxc5 20. Qxc5 Rxc5
21. Be3 Rc7 22. Rfc1 Rcd7 23. Rc6 Nd5 24. Bd4 Bf6 25. Bxf6 Nxf6 26. Ra6 Rc8 27.
Kg2 Kf8 28. Rc1 Rxc1 29. Nxc1 Ke8 30. Nb3 Kd8 31. Na5 Kc8 32. Nc4 Kb7 33. Rd6
Rxd6 34. Nxd6+ Kc6 35. Nxf7 Kb5 36. f4 Kb4 37. Nd8 Ka3 38. Nxe6 Kxa2 39. Nc5 a5
40. Kf3 Ka3 41. f5 Kb4 42. Nd3+ Kc4 43. Nb2+ Kb3 44. Nd3 Nd7 45. Ke3 Kc3 46. g4
a4 47. g5 a3 48. Nc1 Ne5 49. Ke4 Kb2 50. Kxe5 Kxc1 51. f6 gxf6+ 52. gxf6 a2 53.
Ke6 a1=Q 54. f7 Qa3 0-1

[Event "Tournament: World Senior ch."]
[Site "Terrasini, Italy"]
[Date "2023.10.27"]
[Round "3"]
[White "Stebbings, A."]
[Black "Madebrink, L."]
[Result "1-0"]
[WhiteElo "2263"]
[BlackElo "2129"]
[PlyCount "67"]
[EventDate "2023.10.25"]

1. c4 c5 2. Nf3 Nf6 3. d4 cxd4 4. Nxd4 g6 5. Nc3 Bg7 6. e4 d6 7. Be2 O-O 8. O-O
Nc6 9. Nc2 Be6 10. Rb1 a5 11. Be3 Nd7 12. Qd2 Nc5 13. f3 f5 14. exf5 gxf5 15.
Nd4 Bd7 16. f4 Rf6 17. Bf3 Rg6 18. Rbd1 Nxd4 19. Bxd4 Bxd4+ 20. Qxd4 Bc6 21.
Bd5+ Bxd5 22. Qxd5+ Kg7 23. Qxf5 Qb6 24. Rf2 Rf8 25. Qc2 e6 26. Qd2 Rg4 27. g3
e5 28. Nd5 Qa7 29. Qe2 h5 30. Kg2 Ne6 31. h3 Nxf4+ 32. Nxf4 Qxf2+ 33. Qxf2
Rfxf4 34. hxg4 1-0

[Event "Tournament: World Senior ch."]
[Site "Terrasini, Italy"]
[Date "2023.10.28"]
[Round "4"]
[White "Stebbings, A."]
[Black "Nunn, J."]
[Result "0-1"]
[WhiteElo "2263"]
[BlackElo "2560"]
[PlyCount "54"]
[EventDate "2023.10.25"]

1. d4 Nf6 2. c4 g6 3. Nc3 Bg7 4. e4 d6 5. h3 O-O 6. Be3 Nc6 7. Nge2 a6 8. g4 b5
9. g5 Nh5 10. cxb5 axb5 11. Nxb5 Rb8 12. Nec3 e5 13. dxe5 Nxe5 14. Be2 c6 15.
Nxd6 Rxb2 16. Nxc8 Qxc8 17. Rc1 Rd8 18. Qa4 Qe6 19. Kf1 f5 20. exf5 Qxf5 21.
Bxh5 gxh5 22. Qe4 Qf8 23. Nd1 Rb4 24. Qg2 Nf3 25. Ke2 Ra4 26. Rc2 Qf5 27. Rc1
Rxa2+ 0-1

[Event "Tournament: World Senior ch."]
[Site "Terrasini, Italy"]
[Date "2023.10.29"]
[Round "5"]
[White "Dekan, H."]
[Black "Stebbings, A."]
[Result "0-1"]
[WhiteElo "2110"]
[BlackElo "2263"]
[PlyCount "80"]
[EventDate "2023.10.25"]

1. e4 c5 2. Nf3 e6 3. d4 cxd4 4. Nxd4 Nc6 5. Be2 Nf6 6. Nc3 Qc7 7. O-O Be7 8.
Be3 O-O 9. f4 d6 10. Qd2 Nxd4 11. Bxd4 e5 12. Be3 a6 13. fxe5 dxe5 14. Rxf6
Bxf6 15. Nd5 Qc6 16. Rf1 Bd8 17. Kh1 Be6 18. c4 Rc8 19. b3 Re8 20. Qe1 Kh8 21.
Qg3 f6 22. Bh5 Rf8 23. Bg4 Qd7 24. Bf5 g6 25. Bxe6 Qxe6 26. Qe1 Be7 27. h3 f5
28. Bd2 Bc5 29. Bc3 fxe4 30. Rxf8+ Rxf8 31. Kh2 Qf5 32. Qa1 Re8 33. Nc7 Re7 34.
Nd5 Rf7 35. Bxe5+ Kg8 36. b4 Bf2 37. Qc3 e3 38. Nf4 Re7 39. Bd6 e2 40. Nd5 Re6
0-1

[Event "Tournament: World Senior ch."]
[Site "Terrasini, Italy"]
[Date "2023.10.30"]
[Round "6"]
[White "Stebbings, A."]
[Black "Vaganian, R."]
[Result "1/2-1/2"]
[WhiteElo "2263"]
[BlackElo "2493"]
[PlyCount "67"]
[EventDate "2023.10.25"]

1. Nf3 Nf6 2. d4 e6 3. g3 b5 4. Bg2 Bb7 5. O-O c5 6. Bg5 Na6 7. e4 Bxe4 8. Nc3
Bb7 9. d5 Qb6 10. Ne5 Rd8 11. a4 Nb4 12. axb5 exd5 13. Re1 Be7 14. Ng4 Kf8 15.
Nxf6 Bxf6 16. Bxf6 Qxf6 17. Nxd5 Bxd5 18. Bxd5 Qxb2 19. Rxa7 Qf6 20. c4 g6 21.
Re3 Qd4 22. Qxd4 cxd4 23. Re4 Nxd5 24. cxd5 Kg7 25. Rxd4 Kf6 26. Re4 Rhe8 27.
Rxe8 Rxe8 28. Rxd7 Rb8 29. g4 h5 30. gxh5 gxh5 31. Kg2 Rxb5 32. Kg3 Rb4 33. f4
Rb3+ 34. Kg2 1/2-1/2

[Event "Tournament: World Senior ch."]
[Site "Terrasini, Italy"]
[Date "2023.11.01"]
[Round "7"]
[White "Madeira, W."]
[Black "Stebbings, A."]
[Result "1/2-1/2"]
[WhiteElo "2012"]
[BlackElo "2263"]
[PlyCount "39"]
[EventDate "2023.10.25"]

1. e4 c5 2. c3 Nf6 3. e5 Nd5 4. d4 cxd4 5. Nf3 e6 6. cxd4 d6 7. Bc4 Be7 8. O-O
O-O 9. Qe2 b6 10. Bd2 Bb7 11. Nc3 Nxc3 12. Bxc3 dxe5 13. dxe5 Nd7 14. Rfe1 Qc7
15. Bd3 Nc5 16. Bc2 Rfd8 17. Rad1 Rxd1 18. Rxd1 Rd8 19. Rxd8+ Qxd8 20. b4
1/2-1/2

[Event "Tournament: World Senior ch."]
[Site "Terrasini, Italy"]
[Date "2023.11.02"]
[Round "8"]
[White "Martorelli, A."]
[Black "Stebbings, A."]
[Result "1-0"]
[WhiteElo "2073"]
[BlackElo "2263"]
[PlyCount "51"]
[EventDate "2023.10.25"]

1. e4 c5 2. Nf3 e6 3. d4 cxd4 4. Nxd4 Nc6 5. Nc3 Qc7 6. Be2 Nf6 7. O-O Be7 8.
Kh1 O-O 9. f4 d6 10. Be3 Nxd4 11. Bxd4 e5 12. Bg1 exf4 13. Qd3 a6 14. Rxf4 Be6
15. Raf1 Rac8 16. Rxf6 gxf6 17. Bd4 Rfd8 18. Nd5 Bxd5 19. exd5 Qxc2 20. Qe3 Kf8
21. Bd3 Qa4 22. Re1 Rd7 23. Qh6+ Ke8 24. Qxh7 Kd8 25. Qg8+ Kc7 26. Rc1+ 1-0

[Event "Tournament: World Senior ch."]
[Site "Terrasini, Italy"]
[Date "2023.11.03"]
[Round "9"]
[White "Stebbings, A."]
[Black "Wengholm, A."]
[Result "1/2-1/2"]
[WhiteElo "2263"]
[BlackElo "2142"]
[PlyCount "105"]
[EventDate "2023.10.25"]

1. e4 d6 2. d4 Nf6 3. Nc3 e5 4. Nf3 Nbd7 5. Bc4 Be7 6. a4 O-O 7. O-O c6 8. Qe2
Qc7 9. Ba2 b6 10. Rd1 h6 11. Nh4 exd4 12. Rxd4 Nc5 13. Ng6 Rd8 14. Be3 Be6 15.
Bxe6 Nxe6 16. Nxe7+ Qxe7 17. Rd2 Nc7 18. Qc4 d5 19. Qxc6 dxe4 20. Rad1 Nce8 21.
Rxd8 Rxd8 22. Rxd8 Qxd8 23. h3 Qd6 24. Qxd6 Nxd6 25. Bf4 Nc8 26. Kf1 Kf8 27.
Ke2 Ke7 28. Ke3 Ke6 29. Nxe4 Nd5+ 30. Kf3 Nxf4 31. Kxf4 Ne7 32. Nc3 f5 33. Ke3
g5 34. g3 Nc6 35. Nb5 Ke5 36. f4+ gxf4+ 37. gxf4+ Kd5 38. b3 Kc5 39. c3 Ne7 40.
Nd4 Nd5+ 41. Kf3 Ne7 42. h4 a6 43. h5 b5 44. axb5 axb5 45. Nc2 Nd5 46. Ne3 Nxc3
47. Nxf5 Nd5 48. Nxh6 Nf6 49. Ng4 Nxh5 50. Ne5 Nxf4 51. Kxf4 Kb4 52. Nc6+ Kxb3
53. Nd4+ 1/2-1/2

[Event "Tournament: World Senior ch."]
[Site "Terrasini, Italy"]
[Date "2023.11.04"]
[Round "10"]
[White "Bagamasbad, E."]
[Black "Stebbings, A."]
[Result "1-0"]
[WhiteElo "2016"]
[BlackElo "2263"]
[PlyCount "53"]
[EventDate "2023.10.25"]

1. c4 c5 2. Nf3 Nf6 3. Nc3 d5 4. cxd5 Nxd5 5. g3 Nc6 6. Bg2 Nc7 7. d3 e5 8. O-O
Be7 9. Nd2 Bd7 10. Nc4 f6 11. f4 b5 12. Ne3 Rc8 13. f5 O-O 14. Be4 Kh8 15. Bd2
Be8 16. Rc1 Qd7 17. b3 Bf7 18. Rf2 Rfd8 19. Qf1 c4 20. Qg2 Nb4 21. bxc4 bxc4
22. a3 Nbd5 23. Ncxd5 Nxd5 24. Nxc4 Bc5 25. e3 Nb6 26. Nxb6 axb6 27. Rc3 {...}
1-0

[Event "Tournament: World Senior ch."]
[Site "Terrasini, Italy"]
[Date "2023.11.05"]
[Round "11"]
[White "Stebbings, A."]
[Black "Sepliarsky, M."]
[Result "1/2-1/2"]
[WhiteElo "2263"]
[BlackElo "2056"]
[PlyCount "40"]
[EventDate "2023.10.25"]

1. d4 Nf6 2.c4 e6 3. Nc3 d5 4. Bg5 Be7 5. e3 O-O 6. Rc1 Nbd7 7. Nf3 dxc4 8.
Bxc4 a6 9. O-O b5 10. Bd3 Bb7 11. Qc2 Rc8 12. a4 c5 13. dxc5 Bxf3 14. gxf3
Rxc5 15. Bxf6 Nxf6 16. axb5 axb5 17. Qe2 b4 18. Ne4 Nxe4 19. Bxe4 Qc7 20. Rxc5
Qxc5 1/2-1/2

[Event "County match"]
[Site "?"]
[Date "2023.12.02"]
[Round "?"]
[White "Rogacewicz, M."]
[Black "Stebbings, A."]
[Result "1/2-1/2"]
[WhiteElo "2150"]
[BlackElo "2242"]
[PlyCount "82"]
[EventDate "2023.12.02"]

1. d4 Nf6 2. c4 e6 3. g3 Bb4+ 4. Bd2 a5 5. Bg2 d6 6. Nc3 e5 7. a3 Bxc3 8. Bxc3
Nbd7 9. Nh3 O-O 10. O-O Re8 11. Qc2 Qe7 12. e3 Nb6 13. b3 a4 14. Ng5 axb3 15.
Qxb3 Na4 16. Bb4 h6 17. dxe5 Qxe5 18. Nf3 Qh5 19. Ra2 Bh3 20. Bc3 Nxc3 21. Qxc3
Bxg2 22. Kxg2 Ne4 23. Qc2 Qc5 24. Rb1 b6 25. Rb5 Qc6 26. Nd4 Qd7 27. a4 Ng5 28.
Qf5 Qxf5 29. Nxf5 Re4 30. Nd4 Ne6 31. Nxe6 fxe6 32. Rb4 Kf7 33. Kf3 Re5 34. Rb5
Ra5 35. Ke2 Rc5 36. Kd3 d5 37. Rxc5 Rxc5 38. cxd5 exd5 39. Rb2 Rc4 40. a5 bxa5
41. Rb5 Ke6 1/2-1/2

[Event "County match"]
[Site "?"]
[Date "2024.01.20"]
[Round "?"]
[White "Stebbings, A."]
[Black "Eames, R."]
[Result "1/2-1/2"]
[WhiteElo "2239"]
[BlackElo "2256"]
[PlyCount "103"]
[EventDate "2024.01.20"]

1. d4 Nf6 2. c4 c5 3. d5 b5 4. cxb5
a6 5. b6 e6 6. Nc3 Nxd5 7. Nxd5 exd5 8. Qxd5 Nc6 9. Nf3 Rb8 10. e4 Be7 11. Bc4
O-O 12. Bd2 Qxb6 13. Bc3 d6 14. O-O Be6 15. Qd3 Nb4 16. Qe2 Bxc4 17. Qxc4 Qb5
18. Qxb5 Rxb5 19. Rfd1 f6 20. a3 Nc6 21. Rd5 Rfb8 22. Nd2 Nd4 23. Re1 Ne6 24.
Nc4 Nc7 25. Rd3 Ne8 26. f4 Rd8 27. Red1 Rc8 28. e5 dxe5 29. Rd7 Kf8 30. fxe5
fxe5 31. Bxe5 Bf6 32. Bxf6 Nxf6 33. Ra7 Rb3 34. Rxa6 Re8 35. Rc6 h5 36. Rxc5 h4
37. Rc7 h3 38. gxh3 Rxh3 39. Kg2 Rh4 40. Rd2 Kg8 41. h3 Re6 42. Rd3 Nh5 43. Rf3
Re2+ 44. Rf2 Ree4 45. Nd6 Nf4+ 46. Kg3 Nh5+ 47. Kh2 Re3 48. Nf5 Rexh3+ 49. Kg2
Rh2+ 50. Kg1 Rh1+ 51. Kg2 R1h2+ 52. Kg1 1/2-1/2

[Event "Kent league"]
[Site "?"]
[Date "2024.01.29"]
[Round "?"]
[White "Verma, A."]
[Black "Stebbings, A."]
[Result "1-0"]
[WhiteElo "2250"]
[BlackElo "2239"]
[PlyCount "45"]
[EventDate "2024.01.29"]

1. e4 c5 2. Nf3 e6 3. d4 cxd4 4. Nxd4 Nc6 5. Nc3 Qc7 6. Be3 a6 7. Be2 b5 8. O-O
Bb7 9. Nb3 Nf6 10. a3 Be7 11. f4 d6 12. Bf3 O-O 13. Qe1 Rfd8 14. Qf2 Nd7 15.
Rad1 Rac8 16. Bg4 Na5 17. Nxa5 Qxa5 18. f5 Rxc3 19. fxe6 f5 20. exd7 Rxe3 21.
Qxf5 Kh8 22. Qf7 Rxe4 23. Qe8+ 1-0

[Event "County match"]
[Site "?"]
[Date "2024.02.03"]
[Round "?"]
[White "Price, G."]
[Black "Stebbings, A."]
[Result "1/2-1/2"]
[WhiteElo "2267"]
[BlackElo "2230"]
[PlyCount "62"]
[EventDate "2024.02.03"]

1. e4 c5 2. Nf3 e6 3. d4 cxd4 4.
Nxd4 Nc6 5. Nc3 Qc7 6. Be3 a6 7. Qf3 Ne5 8. Qg3 h5 9. O-O-O h4 10. Qh3 Ng6 11.
Bd3 Nf6 12. Rhf1 Nf4 13. Bxf4 Qxf4+ 14. Kb1 b5 15. Nce2 Qc7 16. f4 Bb7 17. e5
Nd5 18. Be4 O-O-O 19. Rd3 Kb8 20. Nc3 Nxc3+ 21. Rxc3 Qb6 22. Bxb7 Qxb7 23. Qg4
g6 24. Rd1 Be7 25. Nf3 d5 26. exd6 Rxd6 27. Rcd3 Rxd3 28. Rxd3 Rd8 29. Ne5 Rxd3
30. cxd3 Bf6 31. Qe2 Kc8 1/2-1/2

[Event "County match"]
[Site "?"]
[Date "2024.06.08"]
[Round "?"]
[White "Oswald, G."]
[Black "Stebbings, A."]
[Result "1-0"]
[WhiteElo "2174"]
[BlackElo "2231"]
[PlyCount "61"]
[EventDate "2024.06.08"]

1. e4 c5 2. Nf3 e6 3. d4 cxd4 4. Nxd4 Nc6 5. Nc3 Qc7 6. Be3 a6 7. Bd3 Nf6 8.
O-O Ne5 9. Be2 b5 10. f4 Nc4 11. Bxc4 Qxc4 12. e5 Nd5 13. Nxd5 Qxd5 14. Qe2 Bb7
15. Nb3 Rc8 16. c3 Be7 17. Rad1 Qc6 18. Rd2 Qc7 19. Qf2 Bd5 20. Qg3 O-O 21. f5
f6 22. Bf4 Qb6+ 23. Kh1 fxe5 24. Bxe5 Bf6 25. Bd6 Rf7 26. Nd4 Rc4 27. fxe6 Bxe6
28. Rdf2 Bxd4 29. Rxf7 Bxf7 30. cxd4 Qxd4 31. Qf3 1-0

[Event "World Senior Team ch."]
[Site "Krakow, Poland"]
[Date "2024.07.02"]
[Round "1"]
[White "Stebbings, A."]
[Black "MoysesSobrinho, E."]
[Result "1/2-1/2"]
[WhiteElo "2226"]
[BlackElo "1908"]
[PlyCount "85"]
[EventDate "2024.07.02"]

1. d4 Nf6 2. c4 g6 3. Nc3 d5 4. Nf3 Bg7 5. Qb3 c6 6. cxd5 Nxd5 7. e4 Nxc3 8.
bxc3 Qb6 9. Qa3 Qc7 10. Be2 O-O 11. Bg5 Re8 12. O-O h6 13. Bh4 b6 14. Rad1 Bb7
15. Bg3 Qc8 16. c4 e6 17. Bd6 Nd7 18. e5 c5 19. Qe3 cxd4 20. Nxd4 Nc5 21. Nb5
Rd8 22. Be7 Rxd1 23. Rxd1 Nd7 24. Nd6 Qc7 25. Nxb7 Re8 26. Bb4 Qxb7 27. f4 Bf8
28. Bxf8 Nxf8 29. h4 Qe7 30. h5 Rd8 31. Rxd8 Qxd8 32. hxg6 Nxg6 33. g3 Kg7 34.
Kf2 Ne7 35. Bd3 Nc6 36. Be4 Na5 37. Bd3 Nc6 38. Qe4 Qd4+ 39. Qxd4 Nxd4 40. Ke3
Nc6 41. Be4 Nb8 42. Kd4 Nd7 43. Bc2 1/2-1/2

[Event "World Senior Team ch."]
[Site "Krakow, Poland"]
[Date "2024.07.05"]
[Round "4"]
[White "Stebbings, A."]
[Black "Dovzhenko, V."]
[Result "1-0"]
[WhiteElo "2226"]
[BlackElo "2044"]
[PlyCount "79"]
[EventDate "2024.07.02"]

1. e4 g6 2. d4 a6 3. Be3 Bg7 4. Nc3 b5 5. h4 h5 6. Qd2 Bb7 7. f3 d6 8. O-O-O Nd7
9. Nh3 Rc8 10. Kb1 c5 11. dxc5 Nxc5 12. Bd4 Nf6 13. Nd5 e5 14. Nxf6+ Bxf6 15. Be3
O-O 16. Qxd6 Bxh4 17. Be2 Qxd6 18. Rxd6 Be7 19. Bxc5 Bxd6 20. Bxd6 Rfd8 21. Bxe5
Rd2 22. Re1 Rcxc2 23. Ng1 Rc8 24. Bc3 Rd7 25. Bd1 Kh7 26. Bb3 Re8 27. Nh3 Kh6 28.
Nf4 f5 29. Nd5 fxe4 30. fxe4 Rf8 31. Re2 Rdf7 32. Kc2 Rf2 33. Kd3 Bc8 34. Bd4 Rxe2
35. Kxe2 Bg4+ 36. Ke1 Be6 37. Ke2 h4 38. Nf6 Bxb3 39. axb3 Kg5 40. Nh7+ 1-0

[Event "World Senior Team ch."]
[Site "Krakow, Poland"]
[Date "2024.07.06"]
[Round "5"]
[White "Stebbings, A."]
[Black "Maryasin, B."]
[Result "1/2-1/2"]
[WhiteElo "2226"]
[BlackElo "2210"]
[PlyCount "46"]
[EventDate "2024.07.02"]

1. d4 Nf6 2. c4 e6 3. Nc3 Bb4 4. e3 O-O 5. Bd3 d5 6. cxd5 exd5 7. Nge2 Re8 8. Bd2
Nbd7 9. Rc1 c6 10. O-O Nf8 11. Qe1 Bd6 12. f3 b5 13. Qf2 Ng6 14. Ng3 a6 15. Nce2
Qb6 16. e4 dxe4 17. fxe4 Be6 18. h3 Rad8 19. Be3 Bxa2 20. e5 Nd5 21. Qxf7+ Kh8 22.
exd6 Rf8 23. Qe6 Rfe8  1/2-1/2

[Event "World Senior Team ch."]
[Site "Krakow, Poland"]
[Date "2024.07.07"]
[Round "6"]
[White "Stebbings, A."]
[Black "Orton, S."]
[Result "1-0"]
[WhiteElo "2226"]
[BlackElo "2115"]
[PlyCount "83]
[EventDate "2024.07.02"]

1. d4 Nf6 2. c4 g6 3. Nc3 Bg7 4. e4 d6 5. f3 O-O 6. Be3 Nc6 7. Nge2 a6 8. Qd2 Rb8
9. Nc1 e5 10. d5 Nd4 11. Nb3 c5 12. dxc6 bxc6 13. Nxd4 exd4 14. Bxd4 d5 15. cxd5
cxd5 16. e5 Nd7 17. f4 Nb6 18. Be2 Nc4 19. Bxc4 dxc4 20. O-O Bf5 21. Rfe1 Qd7 22.
Ne4 Rfd8 23. Nd6 Bd3 24. Qe3 Qe6 25. Bc3 h5 26. Rad1 Rd7 27. Ne4 Qg4 28. Nc5 Be4
29. Rd2 Rxd2 30. Qxd2 Bc6 31. Nxa6 Rc8 32. Nb4 Bb7 33. h3 Qe6 34. Rd1 Bf8 35. Kh2
Bxb4 36. Bxb4 Qc6 37. Bc3 Kh7 38. Qe2 Qe6 39. Rd6 Qf5 40. Rf6 Qd7 41. e6 fxe6 42.
Rxe6  1-0

[Event "World Senior Team ch."]
[Site "Krakow, Poland"]
[Date "2024.07.09"]
[Round "7"]
[White "Stebbings, A."]
[Black "Roos, L."]
[Result "1-0"]
[WhiteElo "2226"]
[BlackElo "2288"]
[PlyCount "68"]
[EventDate "2024.07.02"]

1. d4 e6 2. Nf3 d5 3. g3 f5 4. Bg2 Nf6 5. O-O Bd6 6. c4 c6 7. Nbd2 Nbd7 8. Ne1 h5
9. Ndf3 Ne4 10. Qc2 Qf6 11. Bf4 Bxf4 12. gxf4 h4 13. h3 Rg8 14. Kh1 b6 15. Nd3 Bb7
16. e3 g5 17. fxg5 Nxg5 18. Nxg5 Rxg5 19. Nf4 Kf7 20. cxd5 exd5 21. Bf3 Rag8 22.
Qa4 Qd6 23. Qxa7 Qc7 24. Qa4 Nf6 25. Rg1 c5 26. Rxg5 Rxg5 27. Rg1 Rxg1+ 28. Kxg1
c4 29. Qa7 b5 30. a3 Qd7 31. Qb8 Kg7 32. Qe5 Kf7 33. Bh5+ Nxh5 34. Nxh5 Bc8  1-0

[Event "World Senior Team ch."]
[Site "Krakow, Poland"]
[Date "2024.07.10"]
[Round "8"]
[White "Kosten, A."]
[Black "Stebbings, A."]
[Result "1-0"]
[WhiteElo "2360"]
[BlackElo "2226"]
[PlyCount "77"]
[EventDate "2024.07.02"]

1. c4 c5 2. Nf3 Nf6 3. g3 d5 4. cxd5 Nxd5 5. Bg2 Nc6 6. Nc3 Nc7 7. O-O e5 8. b3 Be7
9. Bb2 O-O 10. Ne1 Bd7 11. Nd3 f6 12. f4 exf4 13. Nxf4 Bd6 14. e3 Bxf4 15. Rxf4 Be6
16. Rc1 Qd7 17. Rf2 Rad8 18. Ne4 b6 19. Qh5 Nd5 20. a3 Nce7 21. Qe2 a5 22. Rcf1 Rc8
23. Qd3 Rcd8 24. Qc2 Rc8 25. h3 Qc7 26. g4 h6 27. Qd1 Qd7 28. Ng3 Qb5 29. Nh5 Rf7
30. Be4 a4 31. Qb1 Qxb3 32. Bc2 Qb5 33. e4 Nc7 34. e5 Ncd5 35. Bh7+ Kf8 36. Nxg7
Rxg7 37. exf6 Rf7 38. fxe7+ Ke8 39. Bg6  1-0

[Event "World Senior Team ch."]
[Site "Prague, CZE"]
[Date "2025.02.20"]
[Round "4"]
[White "Stebbings, A."]
[Black "Jussupow, A."]
[Result "1/2-1/2"]
[WhiteElo "2239"]
[BlackElo "2559"]
[PlyCount "60"]
[EventDate "2025.02.17"]

1. d4 Nf6 2. Nf3 d5 3. g3 c6 4. Bg2 Bf5 5. c4 e6 6. Nc3 h6 7. Qb3 Qb6 8. c5
Qxb3 9. axb3 Be7 10. b4 O-O 11. h3 a6 12. g4 Bh7 13. Bf4 Ne4 14. Nd2 Nxd2 15.
Kxd2 Nd7 16. e4 dxe4 17. Nxe4 Bxe4 18. Bxe4 Nf6 19. Rhe1 Rad8 20. Kc3 Nd5+ 21.
Bxd5 Rxd5 22. Rad1 Rfd8 23. Rd3 a5 24. Re5 axb4+ 25. Kc4 R5d7 26. Re4 Kf8 27.
Bg3 Rd5 28. Re5 R5d7 29. Re4 Rd5 30. Re5 R5d7 1/2-1/2

[Event "World Senior Team ch."]
[Site "Prague, CZE"]
[Date "2025.02.23"]
[Round "6"]
[White "Stebbings, A."]
[Black "Haik, A."]
[Result "1/2-1/2"]
[WhiteElo "2239"]
[BlackElo "2377"]
[PlyCount "53"]
[EventDate "2025.02.17"]

1. d4 Nf6 2. c4 g6 3. Nc3 Bg7 4. e4 d6 5. f3 O-O 6. Be3 c5 7. Nge2 Nc6 8. d5
Ne5 9. Ng3 e6 10. Be2 exd5 11. cxd5 a6 12. a4 Bd7 13. a5 b5 14. axb6 Qxb6 15.
Qd2 Rfb8 16. O-O Qxb2 17. Rxa6 Rxa6 18. Qxb2 Rxb2 19. Bxa6 h5 20. Rb1 Rxb1+ 21.
Nxb1 h4 22. Nf1 h3 23. Na3 Ba4 24. Be2 hxg2 25. Kxg2 Bb3 26. Nd2 Ba4 27. Kf2
1/2-1/2

[Event "World Senior Team ch."]
[Site "Prague, CZE"]
[Date "2025.02.24"]
[Round "7"]
[White "Maryasin, B."]
[Black "Stebbings, A."]
[Result "1-0"]
[WhiteElo "2218"]
[BlackElo "2239"]
[PlyCount "75"]
[EventDate "2025.02.17"]

1. e4 c5 2. Nf3 e6 3. d4 cxd4 4. Nxd4 Nc6 5. Nc3 Qc7 6. Be3 a6 7. Qf3 Ne5 8.
Qg3 h5 9. O-O-O h4 10. Qh3 Ng6 11. Bd3 Nf6 12. Nde2 Bd6 13. Rhf1 Nf4 14. Nxf4
Bxf4 15. Bxf4 Qxf4+ 16. Kb1 b5 17. g3 Qc7 18. a3 Bb7 19. f4 O-O-O 20. e5 hxg3
21. Qxg3 Nh5 22. Qe3 d6 23. Bxb5 dxe5 24. fxe5 g6 25. Be2 Ng7 26. Qa7 Rxd1+ 27.
 Rxd1 Qb8 28. Qd4 Qc7 29. Na4 Qc6 30. Rd3 Nf5 31. Qa7 Qxa4 32. Rc3+ Bc6 33.
Qa8+ Kd7 34. Qxh8 a5 35. Rc4 Qb5 36. Rd4+ Nxd4 37. Bxb5 Bxb5 38. Qf8 1-0

[Event "World Senior Team ch."]
[Site "Prague, CZE"]
[Date "2025.02.25"]
[Round "8"]
[White "Stebbings, A."]
[Black "Flear, G."]
[Result "1/2-1/2"]
[WhiteElo "2239"]
[BlackElo "2384"]
[PlyCount "112"]
[EventDate "2025.02.17"]

1. d4 d5 2. Nf3 Nf6 3. g3 e6 4. Bg2 b5 5. O-O Bb7 6. a4 b4 7. c4 bxc3 8. Nxc3
Nbd7 9. Bf4 Bd6 10. Rc1 O-O 11. Ne5 a6 12. Nd3 Qe7 13. a5 e5 14. dxe5 Nxe5 15.
Nxe5 Bxe5 16. Bxe5 Qxe5 17. Qd2 Rab8 18. Rfd1 Rfd8 19. e3 d4 20. Bxb7 Rxb7 21.
Na4 d3 22. Qc3 Qf5 23. Nc5 Ne4 24. Nxe4 Qxe4 25. Rd2 h5 26. Qc6 Qxc6 27. Rxc6
Rxb2 28. Rxb2 d2 29. Rxd2 Rxd2 30. Rxa6 Ra2 31. Rc6 Rxa5 32. Rxc7 g6 33. h4 Ra2
34. Kg2 Kg7 35. Rc6 Rb2 36. Rc7 Kf6 37. Kf3 Ra2 38. e4 Rb2 39. Ke3 Ra2 40. f3
Rb2 41. Kf4 Rb4 42. Rc6+ Kg7 43. g4 hxg4 44. fxg4 Rb5 45. Rd6 Ra5 46. Rd5 Ra1
47. h5 gxh5 48. gxh5 Rh1 49. Rf5 Ra1 50. Rd5 Rh1 51. Rg5+ Kh6 52. Rf5 Rxh5 53.
Rxf7 Kg6 54. Rf8 Ra5 55. e5 Ra4+ 56. Ke3 Ra3+ 1/2-1/2